Development and evaluation of a cassava peeler cum slicer (Record no. 15486)
[ view plain ]
| 000 -LEADER | |
|---|---|
| fixed length control field | 00546nam a22001577a 4500 |
| 003 - CONTROL NUMBER IDENTIFIER | |
| control field | OSt |
| 008 - FIXED-LENGTH DATA ELEMENTS--GENERAL INFORMATION | |
| fixed length control field | 180904b ||||| |||| 00| 0 eng d |
| 082 ## - DEWEY DECIMAL CLASSIFICATION NUMBER | |
| Classification number | 631.56 |
| Item number | ANS/DE |
| 100 ## - MAIN ENTRY--AUTHOR NAME | |
| Personal name | Anshid K. |
| -- | Panchamy Balan |
| -- | Syamkumar K.S |
| 245 ## - TITLE STATEMENT | |
| Title | Development and evaluation of a cassava peeler cum slicer |
| 260 ## - PUBLICATION, DISTRIBUTION, ETC. (IMPRINT) | |
| Place of publication | Thavanur |
| Name of publisher | Department of food and agriculture process engineering |
| Year of publication | 2018 |
| 300 ## - PHYSICAL DESCRIPTION | |
| Number of Pages | 47 |
| Accompanying material | CD |
| 700 ## - ADDED ENTRY--PERSONAL NAME | |
| Personal name | Prince M.V (Guide ) |
| 856 ## - ELECTRONIC LOCATION AND ACCESS | |
| Uniform Resource Identifier | <a href="https://drive.google.com/open?id=1HCKRu2aMn8ENq5XnCNI68Wks6kIPBARr">https://drive.google.com/open?id=1HCKRu2aMn8ENq5XnCNI68Wks6kIPBARr</a> |
| 942 ## - ADDED ENTRY ELEMENTS (KOHA) | |
| Koha item type | Project Report |
| Withdrawn status | Lost status | Damaged status | Home library | Current library | Date acquired | Full call number | Accession Number | Koha item type |
|---|---|---|---|---|---|---|---|---|
| KAUAET | KAUAET | 25/07/2018 | 631.56 ANS/DE | P 411 | Project Report |
